Supplies in store (Record no. 81413)
[ view plain ]
| 000 -LEADER | |
|---|---|
| fixed length control field | 01018cab a22001935a 4500 |
| 001 - CONTROL NUMBER | |
| control field | L147162 |
| 008 - FIXED-LENGTH DATA ELEMENTS--GENERAL INFORMATION | |
| fixed length control field | 090407e20090320xxk f 000 0 eng d |
| 035 ## - SYSTEM CONTROL NUMBER | |
| System control number | (Sirsi) u147162 |
| 041 0# - LANGUAGE CODE | |
| Language code of text/sound track or separate title | eng |
| 100 1# - MAIN ENTRY--PERSONAL NAME | |
| Personal name | James, Adrian |
| 245 00 - TITLE STATEMENT | |
| Title | Supplies in store |
| 260 ## - PUBLICATION, DISTRIBUTION, ETC. | |
| Date of publication, distribution, etc. | 2009 |
| 490 #0 - SERIES STATEMENT | |
| Series statement | Planning (for the Natural and Built Environment) |
| Volume/sequential designation | (1810) 20 March 2009, 19(1) |
| 520 ## - SUMMARY, ETC. | |
| Summary, etc. | Notes current lack of underground gas storage facilities in the UK. Highlights a number of planning issues relating to their provision. These include locating buildings and plant to minimise visual intrusion, contolling vehicular activity and routes, controlling noise and light emissions, night-time drilling operations and disposal of waste materials. Concludes that underground gas storage facilities have an extremely low incident rate compared with other sectors of the energy supply industry. |
| 590 ## - LOCAL NOTE (RLIN) | |
| Local note | KA |
| 651 #4 - SUBJECT ADDED ENTRY--GEOGRAPHIC NAME | |
| Geographic name | United Kingdom |
| Chronological subdivision | |
| 690 ## - LOCAL SUBJECT ADDED ENTRY--TOPICAL TERM (OCLC, RLIN) | |
| Topical term or geographic name as entry element | ENVIRONMENT AND LAND CONSULTANCY-PLANNING AND DEVELOPMENT |
| 942 ## - ADDED ENTRY ELEMENTS (KOHA) | |
| Suppress in OPAC | 0 |
No items available.